Classement du Ballon d'or 2019 - Statistiques

Statistiques générales
  • Ce quiz a été pris 203 fois
  • Le résultat moyen est 25 sur 30
Statistiques - réponses
Classement Joueur Club du joueur Nationalité % Correct
1 Lionel Messi FC Barcelone Argentine
100%
3 Cristiano Ronaldo Juventus FC Portugal
99%
6 Kylian Mbappé Paris Saint-Germain France
99%
5 Mohamed Salah Liverpool FC Egypte
99%
8 Robert Lewandowski Bayern Munich Pologne
97%
4 Sadio Mané Liverpool FC Sénégal
97%
2 Virgil Van Dijk Liverpool FC Pays-Bas
97%
18 Antoine Griezmann Atlético Madrid / FC Barcelone France
94%
22 Heung-min Son Tottenham Hotspur Corée du Sud
94%
14 Kevin De Bruyne Manchester City Belgique
94%
10 Riyad Mahrez Manchester City Algérie
94%
11 Frenkie De Jong Ajax Amsterdam / FC Barcelone Pays-Bas
92%
9 Bernardo Silva Manchester City Portugal
91%
13 Eden Hazard Chelsea FC / Real Madrid Belgique
91%
26 Karim Benzema Real Madrid France
91%
20 Pierre-Emerick Aubameyang Arsenal FC Gabon
88%
23 Hugo Lloris Tottenham Hotspur France
87%
17 Roberto Firmino Liverpool FC Brésil
87%
16 Sergio Agüero Manchester City Argentine
84%
7 Alisson Becker Liverpool FC Brésil
81%
28 Joao Felix Benfica Lisbonne / Atlético Madrid Portugal
80%
25 Marc-André Ter Stegen FC Barcelone Allemagne
79%
15 Matthijs De Ligt Ajax Amsterdam / Juventus FC Pays-Bas
79%
29 Marquinhos Paris Saint-Germain Brésil
76%
21 Dusan Tadic Ajax Amsterdam Serbie
73%
24 Kalidou Koulibaly SSC Naples Sénégal
72%
12 Raheem Sterling Manchester City Angleterre
66%
27 Georginio Wijnaldum Liverpool FC Pays-Bas
58%
30 Donny Van de Beek Ajax Amsterdam Pays-Bas
48%
19 Trent Alexander-Arnold Liverpool FC Angleterre
33%
Aucun quiz correspondant
Distribution des résultats
% des personnes avec chaque résultat
Percentile par nombre de réponses
Votre historique - résultats
Vous n’avez pas pris ce quiz